000 00851cam a2200217 i 4500
003 SA-RiAUC
005 20250414070602.0
008 250414s1994 su g t 000r0 ara c
040 _aSA-RiAUC
_bara
_cSA-RiAUC
_erda
082 0 4 _a332.122109531
090 _a332.122109531
_b م ع هـ
245 0 2 _aالتقرير السنوي الحادي عشر للمعهد الإسلامي للبحوث والتدريب 1413 هـ. (1992 / 19993 م).
264 1 _aجدة :
_bالبنك الإسلامي للتنمية،
_c1994
300 _a123 صفحة ؛
_c24 سم
336 _aنص
_btxt
_2rdacontent
_3كتاب
337 _aبدون وسيط
_bn
_2rdamedia
338 _aمجلد
_bnc
_2rdacarrier
650 7 _aالاقتصاد الإسلامي
_xدراسة وتعليم
_2aucsh
942 _2ddc
_cBOOK
_n0
949 _aSA-JeALM
_d250414
_umohamedma123
_n1
999 _c6991
_d6991